| 000 | 01340nam0a22002651 4500 | ||
|---|---|---|---|
| 001 | rc\2594430 | ||
| 005 | 20250623124757.0 | ||
| 035 | _a(NLR Aleph) 006758615 | ||
| 090 |
_a5820373 _c5820373 |
||
| 100 | _a20110914d1929 |||y0rusy50 ca | ||
| 101 | 0 | _arus | |
| 102 | _aRU | ||
| 105 | _ay z ||||| | ||
| 200 | 1 |
_aПостроение тарифов в кассах взаимопомощи промысловой кооперации _fВсерос. союз касс взаимопомощи промысловой кооп-ции _gБрошюра написана... консультантом Правления т. А. И. Вишневецким |
|
| 210 |
_aМосква _cРИО Всекопромсоюза _d1929 _e[Серпухов] _gтип. 1-й Серпуховск. рабоч. артели печатников |
||
| 215 |
_a23 с. _d26х17 см. |
||
| 300 | _aБрошюра написана... консультантом Правления т. А. И. Вишневецким | ||
| 702 | 1 |
_aВишневецкий _bА.И. _gАркадий Иосифович _4570 |
|
| 710 | 0 | 2 | _aВсероссийский союз касс взаимопомощи промысловой кооперации |
| 801 | 0 |
_aRU _bNLR _gpsbo |
|
| 801 | 1 |
_aRU _bELAR _2rusmarc |
|
| 852 |
_aNLR _j86/503 |
||
| 942 | _cBOOK | ||
| 980 | _aNB | ||